000
00339nam a22001457a 4500
008
210322b ||||| |||| 00| 0 eng d
020
_a
9781559534598
041
_a
eng
080
_2
3rd
_a
510
082
_a
510
100
_a
36
101
_a
MAT
245
_a
Discovering Geometry an Investigative Approach
_c
Serra, M
942
_2
udc
_c
BK
999
_c
56678
_d
56678